000 00674nam a2200217Ia 4500
005 20250508164641.0
008 008 250505s9999 xx 000 0 eng d
037 _aTextual
040 _aFEDL
_beng
_cFEDL
041 _aeng
_2eng
084 _a363.7, ELS
_qFEDL
100 _aElstgeest Jos
245 0 _aEnvironmental science in the primary curriculum
260 _aLondon, UK
_bPaul Chapman Publishing Limited
_c1999
300 _ax,77p.
365 _aGBP
_b18.99
650 _aEnvironmental education; Primary education - Environmental science
_9778746
700 _a Harlen Wynne
_9778747
942 _cTEXL
_h363.7, ELS
999 _c1390333
_d1390333